Finančná analýza podniku

Enregistré dans:
Détails bibliographiques
Auteur principal: Kalafutová, Ľudmila
Format: Chapitre de livre
Langue:slovaque
Tags: Ajouter un tag
Pas de tags, Soyez le premier à ajouter un tag!

MARC

LEADER 00000naa$a2200000$$$4500
001 0063213
005 20240502071726.6
041 0 |a slo 
044 |a SK 
245 1 0 |a Finančná analýza podniku  |c Ľudmila Kalafutová 
100 1 |a Kalafutová, Ľudmila